|
|
|
|
| LEADER |
00000nam0a2200000 4500 |
| 001 |
214338 |
| 005 |
20231101225859.0 |
| 010 |
|
|
|a 0521656176
|
| 035 |
|
|
|a (RuTPU)RU\TPU\book\234200
|
| 090 |
|
|
|a 214338
|
| 100 |
|
|
|a 20120423d2006 m y0engy50 ba
|
| 101 |
0 |
|
|a eng
|
| 102 |
|
|
|a GB
|
| 105 |
|
|
|a y z 000ay
|
| 200 |
1 |
|
|a Double Cross
|f Ph. Prowse
|
| 210 |
|
|
|a Cambridge
|c Cambridge University Press
|d 2006
|
| 215 |
|
|
|a 64 p.
|
| 225 |
1 |
|
|a Cambridge english readers
|v Level 3
|
| 330 |
|
|
|a A politician survives an attempted assassination in Stockholm, and secret agent Monika Lundgren is instructed to find the people responsible. As she races across the world, through Finland, England, South Africa and Mozambique, she encounters a strange football team, a rock musician and a madman with dreams of world power.
|
| 606 |
1 |
|
|a Английский язык
|x Учебные руководства и пособия
|x Хрестоматии, книги для чтения
|2 stltpush
|3 (RuTPU)RU\TPU\subj\29075
|9 52487
|
| 610 |
1 |
|
|a английская литература
|
| 610 |
1 |
|
|a детективы
|
| 610 |
1 |
|
|a шпионы
|
| 610 |
1 |
|
|a политики
|
| 686 |
|
|
|a Ш143.21-923.8
|v LBC/SL-A
|2 rubbk
|
| 700 |
|
1 |
|a Prowse
|b Ph.
|g Philip
|
| 801 |
|
1 |
|a RU
|b 63413507
|c 20120423
|
| 801 |
|
2 |
|a RU
|b 63413507
|c 20120427
|g RCR
|
| 942 |
|
|
|c BK
|